Người nông dân Nga trong " Chiến tranh và hòa bình " của Liev Tolstoy Luận văn tốt nghiệp Đại học Sư phạm ngành Văn Khóa 02
Guardat en:
| Autor principal: | |
|---|---|
| Format: | Llibre |
| Idioma: | Undetermined |
| Matèries: | |
| Etiquetes: |
Afegir etiqueta
Sense etiquetes, Sigues el primer a etiquetar aquest registre!
|
| Thư viện lưu trữ: | Trung tâm Học liệu Trường Đại học Cần Thơ |
|---|
| LEADER | 00558nam a2200145Ia 4500 | ||
|---|---|---|---|
| 001 | CTU_26769 | ||
| 008 | 210402s9999 xx 000 0 und d | ||
| 082 | |a 809 | ||
| 082 | |b D121/1981 | ||
| 100 | |a Trần Thị Trung Dân | ||
| 245 | 0 | |a Người nông dân Nga trong " Chiến tranh và hòa bình " của Liev Tolstoy | |
| 245 | 0 | |b Luận văn tốt nghiệp Đại học Sư phạm ngành Văn Khóa 02 | |
| 245 | 0 | |c Trần Thị Trung Dân | |
| 650 | |a fiction, theory of | ||
| 980 | |a Trung tâm Học liệu Trường Đại học Cần Thơ | ||